000 00795nam a2200241Ia 4500
003 OSt
005 20220923215053.0
006 a|||||r|||| 00| 0
007 ta
008 220922b |||||||| |||| 00| 0 hin d
024 _a175,327
037 _cTextual
040 _aARTS
_cARTS
_bhin
041 _2hin
_ahin
082 _aO152:9, K9;1
100 _aखण्डेलवाल, जयकिशन प्रसाद
_9158744
245 0 _aहिन्दी साहित्य की प्रवृतियां
246 _aHindī sāhitya kī pravṛutiyāan
250 _aसंशो0 संस्क0 7
260 _c1969
942 _hO152:9, K9;1
_cTEXL
_2CC
999 _c329031
_d329031